Central Library OPAC University of Rajshahi

The Colonial Office / (Record no. 41912)

MARC details
000 -LEADER
fixed length control field 00815nam a2200241 a 4500
001 - CONTROL NUMBER
control field 41912
003 - CONTROL NUMBER IDENTIFIER
rucl marc code BD-RjUL
005 - DATE AND TIME OF LATEST TRANSACTION
control field 20211209053453.0
008 - FIXED-LENGTH DATA ELEMENTS--GENERAL INFORMATION
fixed length control field 160607s1956 enk b 001 0 eng u
035 ## - SYSTEM CONTROL NUMBER
System control number (BD-RjUL) 42030
040 ## - CATALOGING SOURCE
Original cataloging agency WSU
Modifying agency m.c
-- BD-RjUL
Language of cataloging eng
Transcribing agency BD-RjUL
041 ## - LANGUAGE CODE
Language code of text/sound track or separate title eng
082 ## - DEWEY DECIMAL CLASSIFICATION NUMBER
Edition number 23
Classification number 325.3106141
Author mark and year JEC 1956
100 1# - MAIN ENTRY--PERSONAL NAME
Personal name Jeffries, Charles Joseph,
Dates associated with a name 1896-
9 (RLIN) 128795
245 14 - TITLE STATEMENT
Title The Colonial Office /
Statement of responsibility, etc. Sir Charles Jeffries.
260 ## - PUBLICATION, DISTRIBUTION, ETC. (IMPRINT)
Place of publication, distribution, etc. London ;
-- New York :
Name of publisher, distributor, etc. Oxford University Press ;
-- Allen and Unwin,
Date of publication, distribution, etc. 1956
300 ## - PHYSICAL DESCRIPTION
Pagination 222 p. ;
Size 22 cm.
504 ## - BIBLIOGRAPHY, ETC. NOTE
Bibliography, etc Bibliographical note: p. 216. Includes index.
610 10 - SUBJECT ADDED ENTRY--CORPORATE NAME
Corporate name or jurisdiction name as entry element Great Britain.
Subordinate unit Colonial Office.
651 #0 - SUBJECT ADDED ENTRY--GEOGRAPHIC NAME
Geographic name Great Britain
General subdivision Colonies
-- Administration.
9 (RLIN) 128308
830 #0 - SERIES ADDED ENTRY--UNIFORM TITLE
Uniform title New Whitehall series
942 ## - ADDED ENTRY ELEMENTS (KOHA)
Source of classification or shelving scheme Dewey Decimal Classification
Koha item type Books
Holdings
Lost status Source of classification or shelving scheme Damaged status Not for loan Collection code Permanent Location Current Location Shelving location Date acquired Source of acquisition Cost, normal purchase price Total Checkouts Full call number Date last seen Copy number Koha item type
  Dewey Decimal Classification     Non-fiction Central Library, University of Rajshahi Central Library, University of Rajshahi   12/09/1956 Pak American 12.30   325.3106141 JEC 1956 07/06/2016 C-2 Books